Plan Nacional de Desarrollo: conceptos fundamentales

में बचाया:
ग्रंथसूची विवरण
निगमित लेखक: UNAH
स्वरूप: मूलपाठ
प्रकाशित: Tegucigalpa: UNAH
टैग: टैग जोड़ें
कोई टैग नहीं, इस रिकॉर्ड को टैग करने वाले पहले व्यक्ति बनें!

MARC

LEADER 00000 a a2200000 04500
001 23512
003
040
090 |a 163400  
110 |a UNAH  
245 |a Plan Nacional de Desarrollo: conceptos fundamentales  
260 |a Tegucigalpa:   |b UNAH  
300 |a 32 p.   |b il.  
999 |c 11792  |d 11792